| 000 | 003410000a22001450004500 | ||
|---|---|---|---|
| 003 | MACL | ||
| 040 | _aMACL | ||
| 090 |
_c6456 _d6455 |
||
| 100 | _aKawatra, P S | ||
| 245 | _aComparative and International Librarianship | ||
| 260 |
_bSterling Publishers _c1987 |
||
| 350 | _a150 | ||
| 650 | _aLibrary & Information Science | ||
| 942 |
_cBOOK _k020 |
||
| 999 |
_c6408 _d6408 |
||